[Event "Mitropa Cup (Women) 9th"]
[Site "Sibenik"]
[Date "2012.06.01"]
[Round "2"]
[White "Bochis, Julia"]
[Black "Mareckova, Martina"]
[Result "1-0"]
[WhiteElo "2145"]
[BlackElo "2089"]
[PlyCount "87"]
[EventDate "2012.05.31"]
[EventType "team-tourn"]
[EventRounds "7"]
[EventCountry "CRO"]
[Source "ChessBase"]
[SourceDate "2012.06.22"]
[WhiteTeam "Germany (W)"]
[BlackTeam "Czech Republic (W)"]
[WhiteTeamCountry "GER"]
[BlackTeamCountry "CZE"]

1. e4 e5 2. Nf3 Nc6 3. Bb5 a6 4. Ba4 Nge7 5. c3 g6 6. d4 exd4 7. cxd4 b5 8. Bc2
Bg7 9. Nc3 d6 10. h3 Bb7 11. O-O O-O 12. Bg5 h6 13. Bh4 Qd7 14. Qd2 Na5 15.
Rad1 Nc4 16. Qc1 Rfe8 17. Rfe1 b4 18. Ba4 c6 19. Nd5 Nxd5 20. Qxc4 Nb6 21. Qxb4
Nxa4 22. Qxa4 a5 23. Bg3 Ba6 24. d5 Bb5 25. Qa3 c5 26. e5 dxe5 27. Nxe5 Bxe5
28. Bxe5 c4 29. Qf3 f5 30. d6 Bc6 31. Qf4 Kh7 32. Qxc4 Rac8 33. Qd4 Re6 34. Bf4
Rce8 35. Rxe6 Rxe6 36. Be5 Re8 37. f4 Rb8 38. Rd2 Rb4 39. Qc5 Rb5 40. Qc3 Qa7+
41. Kh2 Qb7 42. Rc2 Bd7 43. Qc7 g5 44. Qd8 1-0

[Event "Mitropa Cup (Women) 9th"]
[Site "Sibenik"]
[Date "2012.06.01"]
[Round "2"]
[White "Miturova, Magdalena"]
[Black "Schmidt, Jade"]
[Result "0-1"]
[WhiteElo "2064"]
[BlackElo "2103"]
[PlyCount "70"]
[EventDate "2012.05.31"]
[EventType "team-tourn"]
[EventRounds "7"]
[EventCountry "CRO"]
[Source "ChessBase"]
[SourceDate "2012.06.22"]
[WhiteTeam "Czech Republic (W)"]
[BlackTeam "Germany (W)"]
[WhiteTeamCountry "CZE"]
[BlackTeamCountry "GER"]

1. e4 c5 2. Nf3 d6 3. d4 cxd4 4. Nxd4 Nf6 5. Nc3 Nc6 6. Be2 e5 7. Nf3 h6 8. O-O
Be7 9. Re1 O-O 10. h3 Be6 11. Bf1 Re8 12. b3 Qa5 13. Bb2 a6 14. a3 b5 15. Nd5
Bxd5 16. exd5 Nb8 17. b4 Qb6 18. a4 Nbd7 19. Qd2 Qb7 20. axb5 axb5 21. c4 bxc4
22. Bxc4 Rxa1 23. Rxa1 Rb8 24. Ba2 Qxb4 25. Bc3 Qc5 26. Qe1 Nxd5 27. Bd2 Nb4
28. Bb1 Nf6 29. Be3 Nc2 30. Bxc2 Qxc2 31. Rc1 Qa2 32. Nh4 Qe6 33. Ba7 Rc8 34.
Rb1 e4 35. Rb7 Nd5 0-1

[Event "Mitropa Cup (Women) 9th"]
[Site "Sibenik"]
[Date "2012.06.01"]
[Round "2"]
[White "Rozic, Vesna"]
[Black "Bea, Boglarka"]
[Result "1/2-1/2"]
[WhiteElo "2254"]
[BlackElo "2110"]
[PlyCount "89"]
[EventDate "2012.05.31"]
[EventType "team-tourn"]
[EventRounds "7"]
[EventCountry "CRO"]
[Source "ChessBase"]
[SourceDate "2012.06.22"]
[WhiteTeam "Slovenia (W)"]
[BlackTeam "Hungary (W)"]
[WhiteTeamCountry "SLO"]
[BlackTeamCountry "HUN"]

1. d4 Nf6 2. c4 g6 3. g3 Bg7 4. Bg2 d5 5. cxd5 Nxd5 6. e4 Nb6 7. Ne2 O-O 8. O-O
c5 9. d5 e6 10. Nec3 exd5 11. exd5 N8d7 12. Ne4 h6 13. Nbc3 f5 14. Nd6 Nf6 15.
Nxc8 Rxc8 16. Re1 Qd7 17. Bf4 Nh5 18. Be5 Bxe5 19. Rxe5 Rfe8 20. Rxe8+ Rxe8 21.
Qd3 a6 22. d6 Nf6 23. Rd1 Kg7 24. Qf3 Nc4 25. Qxb7 Qxb7 26. Bxb7 Nxb2 27. Rb1
Nc4 28. d7 Nxd7 29. Bxa6 Nde5 30. Rb7+ Kh8 31. Nd5 Nf3+ 32. Kg2 Ne1+ 33. Kh1
Nd6 34. Re7 Rxe7 35. Nxe7 Kg7 36. Nd5 c4 37. Kg1 Nd3 38. Ne3 Nb4 39. Nxc4 Nf7
40. Bb7 Nxa2 41. f4 Nc3 42. Kf2 Na4 43. Ke3 Nc5 44. Bd5 Kf6 45. Bxf7 1/2-1/2

[Event "Mitropa Cup (Women) 9th"]
[Site "Sibenik"]
[Date "2012.06.01"]
[Round "2"]
[White "Varga, Klara"]
[Black "Krivec, Jana"]
[Result "1-0"]
[WhiteElo "2193"]
[BlackElo "2251"]
[PlyCount "95"]
[EventDate "2012.05.31"]
[EventType "team-tourn"]
[EventRounds "7"]
[EventCountry "CRO"]
[Source "ChessBase"]
[SourceDate "2012.06.22"]
[WhiteTeam "Hungary (W)"]
[BlackTeam "Slovenia (W)"]
[WhiteTeamCountry "HUN"]
[BlackTeamCountry "SLO"]

1. c4 e5 2. g3 Nf6 3. Bg2 d5 4. cxd5 Nxd5 5. Nf3 Nb6 6. Nc3 Nc6 7. O-O Be7 8.
a3 O-O 9. b4 a6 10. d3 Be6 11. Bb2 f5 12. Rc1 Bf6 13. Nd2 Bg5 14. Ncb1 Bd5 15.
Bh3 Qd6 16. Nc3 Qh6 17. Nxd5 Nxd5 18. Qb3 Bxd2 19. Qxd5+ Kh8 20. Rxc6 bxc6 21.
Qxe5 Rae8 22. Qxc7 Rxe2 23. Bd4 f4 24. Bg4 Ree8 25. Kg2 Rg8 26. Rd1 Rd8 27. Qe5
Rd5 28. Qe4 Rgd8 29. Bb6 Rf8 30. Bc5 Rfd8 31. d4 f3+ 32. Bxf3 Bg5 33. Qg4 Qg6
34. h4 h5 35. Qe4 Qxe4 36. Bxe4 Bf6 37. Bxd5 Rxd5 38. Kf3 Rf5+ 39. Ke2 Kg8 40.
Rd3 Kf7 41. Rf3 Rd5 42. Kd3 Ke6 43. a4 Rd8 44. Kc4 g5 45. Re3+ Kf5 46. hxg5
Bxg5 47. Re5+ Kg4 48. Rxg5+ 1-0

[Event "Mitropa Cup (Women) 9th"]
[Site "Sibenik"]
[Date "2012.06.01"]
[Round "2"]
[White "Edes, Zsofia"]
[Black "Brunello, Marina"]
[Result "1-0"]
[WhiteElo "2088"]
[BlackElo "2267"]
[PlyCount "69"]
[EventDate "2012.05.31"]
[EventType "team-tourn"]
[EventRounds "7"]
[EventCountry "CRO"]
[Source "ChessBase"]
[SourceDate "2012.06.22"]
[WhiteTeam "Slovakia (W)"]
[BlackTeam "Italy (W)"]
[WhiteTeamCountry "SVK"]
[BlackTeamCountry "ITA"]

1. d4 Nf6 2. c4 e6 3. Nc3 Bb4 4. Qc2 c5 5. dxc5 Na6 6. a3 Bxc3+ 7. Qxc3 Nxc5 8.
f3 d5 9. cxd5 b6 10. Bg5 exd5 11. Rd1 Be6 12. e4 O-O 13. Bxf6 gxf6 14. b4 Na4
15. Qc2 Qd7 16. exd5 Bf5 17. Bd3 Rfe8+ 18. Kf2 Rac8 19. Qb1 Bxd3 20. Rxd3 Nc3
21. Qb2 Qe7 22. Nh3 Qc7 23. d6 Qc4 24. Rd2 Re5 25. d7 Rd8 26. g3 Rxd7 27. Nf4
Rd4 28. Rc1 Rxf4 29. Rxc3 Qe6 30. gxf4 Rh5 31. Kf1 Kg7 32. Rg2+ Kh6 33. Qe2 Qd5
34. Rc1 Rh3 35. Rg3 1-0

[Event "Mitropa Cup (Women) 9th"]
[Site "Sibenik"]
[Date "2012.06.02"]
[Round "3"]
[White "Bea, Boglarka"]
[Black "Novkovic, Julia"]
[Result "1/2-1/2"]
[WhiteElo "2110"]
[BlackElo "2063"]
[PlyCount "75"]
[EventDate "2012.05.31"]
[EventType "team-tourn"]
[EventRounds "7"]
[EventCountry "CRO"]
[Source "ChessBase"]
[SourceDate "2012.06.22"]
[WhiteTeam "Hungary (W)"]
[BlackTeam "Austria (W)"]
[WhiteTeamCountry "HUN"]
[BlackTeamCountry "AUT"]

1. e4 e5 2. Nf3 Nc6 3. Bb5 a6 4. Ba4 Nf6 5. O-O Be7 6. Re1 b5 7. Bb3 d6 8. c3
O-O 9. d4 Bg4 10. Be3 Bh5 11. Nbd2 d5 12. dxe5 Nxe5 13. exd5 Nxd5 14. Bd4 Nc6
15. Ne4 Nxd4 16. Qxd4 Nf6 17. Qe3 Nxe4 18. Qxe4 Bd6 19. Nd4 Bg6 20. Qf3 c5 21.
Nf5 Bxf5 22. Qxf5 Qc7 23. g3 g6 24. Qf6 c4 25. Bc2 Rfe8 26. Be4 Rad8 27. Qf3
Kg7 28. Rad1 Bc5 29. Rxd8 Rxd8 30. Rd1 Rxd1+ 31. Qxd1 Qb6 32. Qe2 Qd6 33. Kg2
Qb6 34. h4 h5 35. Bf3 Qc7 36. Qe4 Qb6 37. Qe2 Qc7 38. Qe4 1/2-1/2

[Event "Mitropa Cup (Women) 9th"]
[Site "Sibenik"]
[Date "2012.06.02"]
[Round "3"]
[White "Schnegg, Anna Lena"]
[Black "Varga, Klara"]
[Result "1-0"]
[WhiteElo "2084"]
[BlackElo "2193"]
[PlyCount "95"]
[EventDate "2012.05.31"]
[EventType "team-tourn"]
[EventRounds "7"]
[EventCountry "CRO"]
[Source "ChessBase"]
[SourceDate "2012.06.22"]
[WhiteTeam "Austria (W)"]
[BlackTeam "Hungary (W)"]
[WhiteTeamCountry "AUT"]
[BlackTeamCountry "HUN"]

1. e4 e6 2. d4 d5 3. Nc3 Bb4 4. e5 Ne7 5. a3 Bxc3+ 6. bxc3 b6 7. Qg4 Ng6 8. h4
h5 9. Qd1 Qd7 10. Bd3 Ne7 11. Ne2 Ba6 12. Bxa6 Nxa6 13. a4 Nb8 14. Bg5 Nbc6 15.
Nf4 g6 16. Qd3 Na5 17. f3 Nc4 18. g4 Nb2 19. Qb5 Nc4 20. Bf6 Rh7 21. Qxd7+ Kxd7
22. Nh3 Ng8 23. Ng5 Nxf6 24. exf6 Rah8 25. Nxh7 Rxh7 26. O-O-O hxg4 27. fxg4
Nd6 28. h5 g5 29. Rhf1 Rh6 30. Rde1 Nc4 31. Re5 Nxe5 32. dxe5 c5 33. c4 d4 34.
Rd1 Kc7 35. c3 dxc3 36. a5 Rh8 37. Kc2 Kc6 38. Kxc3 Kc7 39. Rd6 Rb8 40. axb6+
axb6 41. Rd1 Rh8 42. Rh1 Rh6 43. Kb3 Kc6 44. Ra1 Kb7 45. Ka4 Kc6 46. Rd1 Kc7
47. Kb5 Rh8 48. Ra1 1-0

[Event "Mitropa Cup (Women) 9th"]
[Site "Sibenik"]
[Date "2012.06.02"]
[Round "3"]
[White "Berke, Ana"]
[Black "Miturova, Magdalena"]
[Result "1-0"]
[WhiteElo "2153"]
[BlackElo "2064"]
[PlyCount "51"]
[EventDate "2012.05.31"]
[EventType "team-tourn"]
[EventRounds "7"]
[EventCountry "CRO"]
[Source "ChessBase"]
[SourceDate "2012.06.22"]
[WhiteTeam "Croatia (W)"]
[BlackTeam "Czech Republic (W)"]
[WhiteTeamCountry "CRO"]
[BlackTeamCountry "CZE"]

1. e4 e5 2. Nf3 Nc6 3. Bc4 Nf6 4. d3 Be7 5. O-O O-O 6. a4 d6 7. Re1 h6 8. a5 a6
9. c3 Nh7 10. d4 Bg4 11. d5 Nb8 12. Nbd2 f5 13. exf5 Rxf5 14. h3 Bxf3 15. Nxf3
Nd7 16. Bd3 Rf8 17. Bc2 Qe8 18. Ra4 Qf7 19. Rf1 Nhf6 20. Nh4 Nc5 21. Nf5 Nxa4
22. Bxh6 Nxb2 23. Qc1 g6 24. Nxe7+ Qxe7 25. Bxf8 Rxf8 26. Qxb2 1-0

[Event "Mitropa Cup (Women) 9th"]
[Site "Sibenik"]
[Date "2012.06.02"]
[Round "3"]
[White "Mareckova, Martina"]
[Black "Medic, Mirjana"]
[Result "1/2-1/2"]
[WhiteElo "2089"]
[BlackElo "2241"]
[PlyCount "48"]
[EventDate "2012.05.31"]
[EventType "team-tourn"]
[EventRounds "7"]
[EventCountry "CRO"]
[Source "ChessBase"]
[SourceDate "2012.06.22"]
[WhiteTeam "Czech Republic (W)"]
[BlackTeam "Croatia (W)"]
[WhiteTeamCountry "CZE"]
[BlackTeamCountry "CRO"]

1. e4 e6 2. d3 c5 3. Nd2 Nc6 4. g3 g6 5. Bg2 Bg7 6. Ngf3 Nge7 7. O-O O-O 8. Re1
d6 9. h4 e5 10. c3 Rb8 11. Nf1 d5 12. exd5 Nxd5 13. Ne3 Nxe3 14. Bxe3 b6 15.
Qd2 Bf5 16. Bh6 Qd6 17. Bxg7 Kxg7 18. Qe3 Qxd3 19. Qxd3 Bxd3 20. Nxe5 Nxe5 21.
Rxe5 Rfe8 22. Rae1 Rxe5 23. Rxe5 Kf6 24. Rd5 Bf5 1/2-1/2

[Event "Mitropa Cup (Women) 9th"]
[Site "Sibenik"]
[Date "2012.06.02"]
[Round "3"]
[White "Schmidt, Jade"]
[Black "Edes, Zsofia"]
[Result "1-0"]
[WhiteElo "2103"]
[BlackElo "2088"]
[PlyCount "51"]
[EventDate "2012.05.31"]
[EventType "team-tourn"]
[EventRounds "7"]
[EventCountry "CRO"]
[Source "ChessBase"]
[SourceDate "2012.06.22"]
[WhiteTeam "Germany (W)"]
[BlackTeam "Slovakia (W)"]
[WhiteTeamCountry "GER"]
[BlackTeamCountry "SVK"]

1. d4 Nf6 2. c4 g6 3. Nc3 d5 4. Bf4 Bg7 5. e3 O-O 6. Nf3 c6 7. Qb3 dxc4 8. Bxc4
e6 9. O-O Nd5 10. Bg5 Qb6 11. Qc2 Nxc3 12. bxc3 Nd7 13. Rab1 Qc7 14. e4 e5 15.
Qd2 Kh8 16. Bh6 f5 17. Bxg7+ Kxg7 18. exf5 Rxf5 19. Rfe1 Qd6 20. Rbd1 b5 21.
Bb3 Qf6 22. dxe5 Nxe5 23. Nxe5 Rxe5 24. Rxe5 Qxe5 25. Re1 Qf5 26. Re7+ 1-0

[Event "Mitropa Cup (Women) 9th"]
[Site "Sibenik"]
[Date "2012.06.02"]
[Round "3"]
[White "Krivec, Jana"]
[Black "Sedina, Elena"]
[Result "1-0"]
[WhiteElo "2251"]
[BlackElo "2337"]
[PlyCount "67"]
[EventDate "2012.05.31"]
[EventType "team-tourn"]
[EventRounds "7"]
[EventCountry "CRO"]
[Source "ChessBase"]
[SourceDate "2012.06.22"]
[WhiteTeam "Slovenia (W)"]
[BlackTeam "Italy (W)"]
[WhiteTeamCountry "SLO"]
[BlackTeamCountry "ITA"]

1. e4 e6 2. d4 d5 3. Nd2 c5 4. c3 Nc6 5. Ngf3 Qb6 6. Bd3 Nf6 7. O-O cxd4 8.
cxd4 Be7 9. e5 Nd7 10. Nb3 a5 11. Be3 a4 12. Nc1 Qxb2 13. Rb1 Qa3 14. Ne2 Bd8
15. Bc1 Qe7 16. Nc3 f6 17. Nb5 O-O 18. Ba3 Qf7 19. Nd6 Qh5 20. Nxc8 Rxc8 21.
Bxf8 Nxf8 22. exf6 gxf6 23. Rxb7 Na5 24. Rb4 Ng6 25. Bxg6 Qxg6 26. Qxa4 Nc6 27.
Rb7 Bc7 28. g3 Bf4 29. Nh4 Qe4 30. Qd1 Bg5 31. Qh5 Rf8 32. Nf3 Kh8 33. Nxg5
fxg5 34. Qh6 1-0

[Event "Mitropa Cup (Women) 9th"]
[Site "Sibenik"]
[Date "2012.06.02"]
[Round "3"]
[White "Zimina, Olga"]
[Black "Rozic, Vesna"]
[Result "0-1"]
[WhiteElo "2336"]
[BlackElo "2254"]
[PlyCount "84"]
[EventDate "2012.05.31"]
[EventType "team-tourn"]
[EventRounds "7"]
[EventCountry "CRO"]
[Source "ChessBase"]
[SourceDate "2012.06.22"]
[WhiteTeam "Italy (W)"]
[BlackTeam "Slovenia (W)"]
[WhiteTeamCountry "ITA"]
[BlackTeamCountry "SLO"]

1. e4 e6 2. Qe2 c5 3. Nf3 Nc6 4. g3 g6 5. Bg2 Bg7 6. O-O d6 7. c3 Nge7 8. Na3
O-O 9. Nc2 e5 10. h3 h6 11. Rd1 f5 12. exf5 Bxf5 13. d4 cxd4 14. cxd4 e4 15.
Nh2 d5 16. Ng4 Kh7 17. b3 Qc8 18. Kh2 Rf7 19. Bb2 Qh8 20. Nge3 Raf8 21. Rd2 Be6
22. Rf1 Nf5 23. Nxf5 Bxf5 24. b4 Rc8 25. a3 a6 26. Rdd1 Ne7 27. Ne3 Bd7 28.
Rfe1 Bb5 29. Qd2 Rcf8 30. Kg1 h5 31. Nxd5 Rxf2 32. Qg5 Nxd5 33. Bxe4 R8f5 34.
Bxf5 Rxf5 35. Qh4 Qb8 36. Re5 Bxe5 37. dxe5 Qf8 38. Qd4 Rf1+ 39. Rxf1 Qxf1+ 40.
Kh2 Qe2+ 41. Kg1 Ne3 42. Qe4 Qe1+ 0-1

[Event "Mitropa Cup (Women) 9th"]
[Site "Sibenik"]
[Date "2012.06.04"]
[Round "4"]
[White "Miturova, Magdalena"]
[Black "Novkovic, Julia"]
[Result "1-0"]
[WhiteElo "2064"]
[BlackElo "2063"]
[PlyCount "139"]
[EventDate "2012.05.31"]
[EventType "team-tourn"]
[EventRounds "7"]
[EventCountry "CRO"]
[Source "ChessBase"]
[SourceDate "2012.06.22"]
[WhiteTeam "Czech Republic (W)"]
[BlackTeam "Austria (W)"]
[WhiteTeamCountry "CZE"]
[BlackTeamCountry "AUT"]

1. e4 c5 2. Nf3 Nc6 3. d4 cxd4 4. Nxd4 Nf6 5. Nc3 d6 6. Be2 e5 7. Nf3 h6 8. O-O
Be7 9. Re1 Bg4 10. h3 Be6 11. Bf1 Qd7 12. Nd5 Bd8 13. c4 O-O 14. a3 Nh7 15. Be3
Ng5 16. Nxg5 Bxg5 17. Rc1 Bxe3 18. Rxe3 Bxd5 19. Qxd5 Rad8 20. c5 Qe7 21. Rec3
dxc5 22. Qxc5 Qxc5 23. Rxc5 Rd4 24. f3 Rfd8 25. b4 Rd1 26. Rxd1 Rxd1 27. b5 Na5
28. Kf2 Ra1 29. Rc3 Rb1 30. Be2 Kf8 31. Ke3 Ke7 32. Bd3 Rb3 33. Rc7+ Ke6 34. a4
Ra3 35. g3 g5 36. Rc8 Kf6 37. Rh8 Kg7 38. Re8 Kg6 39. Rg8+ Kf6 40. Rh8 Kg7 41.
Rc8 Rxa4 42. Rc3 Ra2 43. f4 Rg2 44. Kf3 Rb2 45. fxg5 hxg5 46. Kg4 Kf6 47. Bf1
Rb3 48. Rc2 Re3 49. Bg2 Rb3 50. Bf1 Rb4 51. Kh5 Rxe4 52. Rf2+ Kg7 53. Kxg5 b6
54. h4 Nb7 55. h5 Nd6 56. h6+ Kh8 57. Rd2 Re1 58. Bg2 Nxb5 59. Rd8+ Kh7 60. Rd7
Kg8 61. Rd8+ Kh7 62. Rd7 Kg8 63. Bd5 Rf1 64. Rd8+ Kh7 65. Be4+ f5 66. Rd7+ Kg8
67. h7+ Kh8 68. Kg6 Rd1 69. Rxd1 Nd4 70. Rc1 1-0

[Event "Mitropa Cup (Women) 9th"]
[Site "Sibenik"]
[Date "2012.06.04"]
[Round "4"]
[White "Schnegg, Anna Lena"]
[Black "Mareckova, Martina"]
[Result "1/2-1/2"]
[WhiteElo "2084"]
[BlackElo "2089"]
[PlyCount "127"]
[EventDate "2012.05.31"]
[EventType "team-tourn"]
[EventRounds "7"]
[EventCountry "CRO"]
[Source "ChessBase"]
[SourceDate "2012.06.22"]
[WhiteTeam "Austria (W)"]
[BlackTeam "Czech Republic (W)"]
[WhiteTeamCountry "AUT"]
[BlackTeamCountry "CZE"]

1. e4 e5 2. Nf3 Nc6 3. Bb5 a6 4. Ba4 d6 5. c3 Bd7 6. d4 g6 7. O-O Bg7 8. Be3
Nf6 9. d5 Nb8 10. Bxd7+ Nbxd7 11. Qc2 O-O 12. c4 h6 13. Ne1 Nh5 14. Nc3 f5 15.
f3 f4 16. Bf2 Rf7 17. b4 a5 18. Nd3 axb4 19. Na4 c5 20. dxc6 bxc6 21. c5 Qa5
22. Nab2 Nxc5 23. Nxc5 dxc5 24. Nc4 Qa4 25. Qxa4 Rxa4 26. Bxc5 Rb7 27. Rfb1 Nf6
28. a3 Nd7 29. Bxb4 c5 30. Nb2 Ra8 31. Bc3 Rb3 32. Nd1 Raxa3 33. Rxa3 Rxb1 34.
Ra1 Rxa1 35. Bxa1 Kf7 36. Nb2 Nb6 37. Nd3 c4 38. Nb4 Ke6 39. Kf1 Bf8 40. Nc6
Nd7 41. Na5 Nb6 42. Nc6 Bg7 43. Ke2 Kd6 44. Nd8 Kd7 45. Nf7 Ke6 46. Nd8+ Ke7
47. Nc6+ Kd6 48. Na5 Na4 49. Kd2 h5 50. Nb7+ Kc6 51. Nd8+ Kd7 52. Nb7 Kc6 53.
Nd8+ Kd7 54. Nb7 Ke6 55. Na5 Nc5 56. Nxc4 g5 57. Bc3 g4 58. Nb2 Bf6 59. Nd3
Nxd3 60. Kxd3 Bd8 61. Kc4 Be7 62. Kb5 Bd8 63. Kc6 Bh4 64. Bb4 1/2-1/2

[Event "Mitropa Cup (Women) 9th"]
[Site "Sibenik"]
[Date "2012.06.04"]
[Round "4"]
[White "Edes, Zsofia"]
[Black "Berke, Ana"]
[Result "1/2-1/2"]
[WhiteElo "2088"]
[BlackElo "2153"]
[PlyCount "101"]
[EventDate "2012.05.31"]
[EventType "team-tourn"]
[EventRounds "7"]
[EventCountry "CRO"]
[Source "ChessBase"]
[SourceDate "2012.06.22"]
[WhiteTeam "Slovakia (W)"]
[BlackTeam "Croatia (W)"]
[WhiteTeamCountry "SVK"]
[BlackTeamCountry "CRO"]

1. d4 Nf6 2. c4 e6 3. Nc3 Bb4 4. Qc2 c5 5. dxc5 Bxc5 6. Nf3 Qb6 7. e3 Qc7 8. a3
b6 9. Be2 Bb7 10. O-O a6 11. e4 Nc6 12. b4 Nd4 13. Qd3 Nxe2+ 14. Qxe2 Be7 15.
e5 Ng4 16. h3 Nh6 17. Bxh6 gxh6 18. Ne4 Rg8 19. Rac1 Qc6 20. Rfe1 a5 21. c5
axb4 22. axb4 bxc5 23. bxc5 Ra3 24. Kh1 Qd5 25. Nd6+ Bxd6 26. cxd6 f6 27. Kh2
fxe5 28. Red1 Rxg2+ 29. Kxg2 Qxf3+ 30. Qxf3 Bxf3+ 31. Kh2 Bxd1 32. Rxd1 Kf7 33.
Kg2 Kf6 34. Rd2 e4 35. Rd4 Ke5 36. Rb4 Ra2 37. Rb5+ Kf4 38. Rb7 e3 39. Rxd7 e2
40. Rf7+ Ke5 41. d7 Rd2 42. f4+ Ke4 43. Kf2 e5 44. fxe5 Kxe5 45. Rxh7 Ke6 46.
d8=Q Rxd8 47. Rxh6+ Kf5 48. Kxe2 Kg5 49. Ra6 Rf8 50. Ra4 Kh5 51. Ke3 1/2-1/2

[Event "Mitropa Cup (Women) 9th"]
[Site "Sibenik"]
[Date "2012.06.04"]
[Round "4"]
[White "Medic, Mirjana"]
[Black "Motycakova, Monika"]
[Result "0-1"]
[WhiteElo "2241"]
[BlackElo "2121"]
[PlyCount "66"]
[EventDate "2012.05.31"]
[EventType "team-tourn"]
[EventRounds "7"]
[EventCountry "CRO"]
[Source "ChessBase"]
[SourceDate "2012.06.22"]
[WhiteTeam "Croatia (W)"]
[BlackTeam "Slovakia (W)"]
[WhiteTeamCountry "CRO"]
[BlackTeamCountry "SVK"]

1. d4 d5 2. c4 c6 3. Nf3 Nf6 4. Nc3 e6 5. cxd5 exd5 6. Bg5 Be7 7. Qc2 g6 8. e3
Bf5 9. Bd3 Bxd3 10. Qxd3 O-O 11. O-O Nbd7 12. Nd2 Re8 13. f3 Nh5 14. Bxe7 Qxe7
15. Rae1 Nf8 16. Nb3 Ne6 17. Qd2 Qg5 18. Qc2 Rad8 19. f4 Qe7 20. f5 Ng5 21. Nc5
b6 22. Nd3 Rd6 23. fxg6 hxg6 24. Ne5 f5 25. b4 Nf7 26. Nd3 Nf6 27. b5 Ng4 28.
bxc6 Rxc6 29. Qb3 Qc7 30. Nf4 Rxc3 31. Qxd5 Rcxe3 32. Rxe3 Nxe3 33. Qb5 Rd8 0-1

[Event "Mitropa Cup (Women) 9th"]
[Site "Sibenik"]
[Date "2012.06.04"]
[Round "4"]
[White "Rozic, Vesna"]
[Black "Schmidt, Jade"]
[Result "1-0"]
[WhiteElo "2254"]
[BlackElo "2103"]
[PlyCount "101"]
[EventDate "2012.05.31"]
[EventType "team-tourn"]
[EventRounds "7"]
[EventCountry "CRO"]
[Source "ChessBase"]
[SourceDate "2012.06.22"]
[WhiteTeam "Slovenia (W)"]
[BlackTeam "Germany (W)"]
[WhiteTeamCountry "SLO"]
[BlackTeamCountry "GER"]

1. d4 d5 2. Nf3 Nf6 3. c4 c6 4. Nbd2 Bf5 5. e3 e6 6. Be2 h6 7. O-O Nbd7 8. b3
Be7 9. Bb2 O-O 10. h3 Ne4 11. Nxe4 Bxe4 12. Bd3 Bxd3 13. Qxd3 Bf6 14. Rad1 Qc7
15. Qc2 Rac8 16. e4 dxe4 17. Qxe4 c5 18. Qb1 Rfd8 19. dxc5 Qxc5 20. Rfe1 Bxb2
21. Qxb2 Nf6 22. Qe5 Qxe5 23. Nxe5 Kf8 24. g3 Ke7 25. f4 Rxd1 26. Rxd1 Rc7 27.
Kf2 Ke8 28. Ke3 Ke7 29. Rd2 Ke8 30. Rd1 Ke7 31. h4 h5 32. Rd2 Ke8 33. a3 Ke7
34. Rd4 Ke8 35. b4 Ke7 36. Kd3 Ke8 37. c5 Ke7 38. Nc4 g6 39. Nd6 Ne8 40. Nb5
Rc8 41. Nxa7 Ra8 42. Nb5 Nf6 43. Kc4 Nd5 44. Rd3 Rb8 45. Kb3 Kd7 46. Nc3 Kc6
47. Kc4 Ne7 48. Rd6+ Kc7 49. Nb5+ Kc8 50. Rd3 f6 51. Rd6 1-0

[Event "Mitropa Cup (Women) 9th"]
[Site "Sibenik"]
[Date "2012.06.04"]
[Round "4"]
[White "Brunello, Marina"]
[Black "Bea, Boglarka"]
[Result "1-0"]
[WhiteElo "2267"]
[BlackElo "2110"]
[PlyCount "67"]
[EventDate "2012.05.31"]
[EventType "team-tourn"]
[EventRounds "7"]
[EventCountry "CRO"]
[Source "ChessBase"]
[SourceDate "2012.06.22"]
[WhiteTeam "Italy (W)"]
[BlackTeam "Hungary (W)"]
[WhiteTeamCountry "ITA"]
[BlackTeamCountry "HUN"]

1. e4 e5 2. Nf3 Nc6 3. d4 exd4 4. Nxd4 Bc5 5. Nb3 Bb6 6. Qe2 d6 7. Be3 Nge7 8.
Nc3 O-O 9. O-O-O Ne5 10. Bxb6 axb6 11. Qd2 Be6 12. f4 Nc4 13. Qe1 Na5 14. g4
Bxg4 15. Rd3 Ng6 16. Rg1 Nxb3+ 17. cxb3 f5 18. Rdg3 Kh8 19. Qd2 Qh4 20. a3 c6
21. Bd3 Rf7 22. Bc4 Re7 23. h3 Bxh3 24. Rxg6 hxg6 25. Rh1 fxe4 26. Qe3 d5 27.
Rxh3 Qxh3 28. Qxh3+ Kg8 29. Nxd5 cxd5 30. Bxd5+ Rf7 31. Qe6 Raf8 32. Qxe4 Kh7
33. Qh1+ Kg8 34. Qh4 1-0

[Event "Mitropa Cup (Women) 9th"]
[Site "Sibenik"]
[Date "2012.06.04"]
[Round "4"]
[White "Varga, Klara"]
[Black "Zimina, Olga"]
[Result "1/2-1/2"]
[WhiteElo "2193"]
[BlackElo "2336"]
[PlyCount "111"]
[EventDate "2012.05.31"]
[EventType "team-tourn"]
[EventRounds "7"]
[EventCountry "CRO"]
[Source "ChessBase"]
[SourceDate "2012.06.22"]
[WhiteTeam "Hungary (W)"]
[BlackTeam "Italy (W)"]
[WhiteTeamCountry "HUN"]
[BlackTeamCountry "ITA"]

1. g3 d5 2. Bg2 Nf6 3. Nf3 c6 4. c4 dxc4 5. Na3 b5 6. Ne5 Qd6 7. d4 cxd3 8.
Nxd3 Nd5 9. Bd2 a5 10. e4 Nb4 11. Bxb4 axb4 12. e5 Qd8 13. Nxb4 Qa5 14. Qd2 e6
15. Nxc6 Qxd2+ 16. Kxd2 Bxa3 17. bxa3 Bb7 18. Rhc1 Nxc6 19. Bxc6+ Bxc6 20. Rxc6
O-O 21. Rc3 g5 22. f4 Rfd8+ 23. Kc2 h6 24. Rf1 Rd7 25. h4 gxh4 26. gxh4 Rd5 27.
Rg3+ Kf8 28. f5 Rc8+ 29. Kb3 exf5 30. Rxf5 Rc6 31. Rgf3 Ke8 32. Rxf7 Rxe5 33.
Rf8+ Kd7 34. R3f7+ Kd6 35. Rf6+ Kc5 36. Rxc6+ Kxc6 37. Rf4 Kc5 38. a4 Re3+ 39.
Kc2 b4 40. Rf5+ Kc4 41. Rf4+ Kc5 42. Rf6 h5 43. Rh6 Rc3+ 44. Kb2 Rh3 45. Rxh5+
Kc4 46. Re5 Rh2+ 47. Kb1 Rh1+ 48. Kc2 Rh2+ 49. Kc1 Rxh4 50. Re2 b3 51. a3 Kc3
52. Re3+ Kc4 53. Re1 Rh2 54. Kb1 Ra2 55. Rc1+ Kd4 56. Rc8 1/2-1/2

[Event "Mitropa Cup (Women) 9th"]
[Site "Sibenik"]
[Date "2012.06.05"]
[Round "5"]
[White "Motycakova, Monika"]
[Black "Schnegg, Anna Lena"]
[Result "1/2-1/2"]
[WhiteElo "2121"]
[BlackElo "2084"]
[PlyCount "47"]
[EventDate "2012.05.31"]
[EventType "team-tourn"]
[EventRounds "7"]
[EventCountry "CRO"]
[Source "ChessBase"]
[SourceDate "2012.06.22"]
[WhiteTeam "Slovakia (W)"]
[BlackTeam "Austria (W)"]
[WhiteTeamCountry "SVK"]
[BlackTeamCountry "AUT"]

1. e4 e5 2. Nf3 Nc6 3. Bb5 a6 4. Ba4 Nf6 5. O-O Be7 6. Re1 b5 7. Bb3 O-O 8. h3
Bb7 9. c3 d5 10. exd5 Nxd5 11. d4 exd4 12. Nxd4 Nxd4 13. Qxd4 Re8 14. Nd2 Bf6
15. Rxe8+ Qxe8 16. Qe4 Qd7 17. Qd3 Re8 18. Ne4 Be7 19. Bg5 Nb6 20. Qxd7 Nxd7
21. Bxe7 Rxe7 22. Ng3 Nc5 23. Rd1 Rd7 24. Rxd7 1/2-1/2